[Event "Niedersachsen-chT U14"]
[Site "Lingen"]
[Date "2005.05.06"]
[Round "4.2"]
[White "Wierum, Colin"]
[Black "Rothmann, Gideon"]
[Result "1-0"]
[WhiteElo "1036"]
[BlackElo "862"]
[PlyCount "47"]
[EventDate "2005.05.05"]
[EventType "team-swiss"]
[EventRounds "5"]
[EventCountry "GER"]
[SourceTitle "EXT 2007"]
[Source "ChessBase"]
[SourceDate "2006.11.23"]
[SourceVersion "1"]
[SourceVersionDate "2006.11.23"]
[SourceQuality "1"]

1. e4 e6 2. d4 d5 3. exd5 exd5 4. Bd3 Bd6 5. Ne2 Ne7 6. Nbc3 Be6 7. Nb5 Nbc6 8. Nxd6+ Qxd6 9. Bf4 Qb4+ 10. Bd2 Qxb2 11. a3 Nxd4 12. Bc3 Nxc2+ 13. Bxc2 Qb6 14. Rb1 Qa6 15. a4 0-0 16. Qd4 f6 17. Bd3 Nf5 18. Bxa6 Nxd4 19. Nxd4 Rfe8 20. Be2 Rab8 21. 0-0 c5 22. Nxe6 Rxe6 23. Bf3 d4 24. Bd5 1-0

[Event "Niedersachsen-chT U14"]
[Site "Lingen"]
[Date "2005.05.05"]
[Round "2.2"]
[White "Schulz, Jens"]
[Black "Rothmann, Gideon"]
[Result "1-0"]
[WhiteElo "1189"]
[BlackElo "862"]
[PlyCount "87"]
[EventDate "2005.05.05"]
[EventType "team-swiss"]
[EventRounds "5"]
[EventCountry "GER"]
[SourceTitle "EXT 2007"]
[Source "ChessBase"]
[SourceDate "2006.11.23"]
[SourceVersion "1"]
[SourceVersionDate "2006.11.23"]
[SourceQuality "1"]

1. d4 f5 2. Nf3 Nf6 3. Bf4 g6 4. e3 d6 5. Nbd2 Bg7 6. Bd3 Nbd7 7. 0-0 Nd5 8. Bg3 e5 9. Bc4 N5b6 10. Bh4 Bf6 11. Bxf6 Qxf6 12. dxe5 Nxe5 13. Nxe5 Qxe5 14. c3 Be6 15. Nf3 Qf6 16. Bxe6 Qxe6 17. Qd4 0-0-0 18. Rfe1 Qe4 19. Ng5 Qxd4 20. exd4 Rde8 21. b3 Kd7 22. c4 h6 23. Nf3 Re4 24. Rxe4 fxe4 25. Nd2 Re8 26. Re1 c6 27. Nxe4 Re7 28. Nf6+ Kd8 29. Rxe7 Kxe7 30. Ng8+ Ke6 31. Nxh6 d5 32. c5 Nd7 33. Ng4 b6 34. b4 bxc5 35. bxc5 Nxc5 36. dxc5 d4 37. f3 Kd5 38. Kf2 Kxc5 39. Ke2 Kc4 40. Ne5+ Kb5 41. Kd3 c5 42. Nxg6 Kb4 43. Ne5 a5 44. Nc4 1-0

[Event "Dortmund op-B"]
[Site "Dortmund"]
[Date "2004.07.29"]
[Round "7"]
[White "Braun, Joerg"]
[Black "Rothmann, Gideon"]
[Result "1/2-1/2"]
[WhiteElo "1375"]
[BlackElo "863"]
[PlyCount "71"]
[EventDate "2004.07.??"]
[EventType "swiss"]
[EventRounds "9"]
[EventCountry "GER"]
[SourceTitle "EXT 2006"]
[Source "ChessBase"]
[SourceDate "2005.11.24"]
[SourceVersion "1"]
[SourceVersionDate "2005.11.24"]
[SourceQuality "1"]

1. Nf3 Nc6 2. b3 d5 3. e3 e5 4. Bb2 Bd6 5. Be2 Be6 6. d3 Nf6 7. 0-0 0-0 8. Nbd2 e4 9. dxe4 dxe4 10. Nd4 Bd7 11. a3 Qe7 12. Re1 Qe5 13. g3 Qe7 14. Nc4 Nxd4 15. Bxd4 Bc6 16. Nxd6 Qxd6 17. c4 Rad8 18. Qc2 Rfe8 19. Red1 Qe7 20. Bb2 Rxd1+ 21. Rxd1 Rd8 22. Rxd8+ Qxd8 23. Qd1 Qxd1+ 24. Bxd1 Kf8 25. g4 Ke7 26. g5 Ne8 27. Kg2 f6 28. h4 f5 29. Kg3 g6 30. Kf4 Ke6 31. b4 b5 32. c5 a6 33. h5 Bd5 34. hxg6 hxg6 35. Be5 Bc4 36. Bc2 1/2-1/2